| 000 | 00622nam a2200229Ia 4500 | ||
|---|---|---|---|
| 003 | 0100 | ||
| 005 | 20150813020023.0 | ||
| 008 | 130303s9999 xx 000 0 und d | ||
| 020 | _a1588261409 | ||
| 040 | _cARRUPELIB | ||
| 050 | _aHC800.L465 2003 | ||
| 100 |
_aLeonard David K. _99880 |
||
| 245 | _aAfrica's stalled Development | ||
| 245 | _binternational causes and cures | ||
| 260 | _aLondon | ||
| 260 | _bLynne Rienner Publishers | ||
| 300 | _axi | ||
| 300 | _b 159p. 23cm | ||
| 650 |
_bHumanism--History--Addresses, essays, lectures _99881 |
||
| 700 |
_aStraus Scott _99882 |
||
| 942 |
_2lcc _09 _cMONOGRAPH |
||
| 999 |
_c63452 _d63452 |
||